000 00533nam a22001937a 4500
003 OSt
005 20151106172035.0
008 151106b xxu||||| |||| 00| 0 eng d
020 _a0750642610
040 _cDDC
050 _a658.4
_bLES 2000.
100 _aLester, Albert;
_94199
245 _aProject Planning and Control;
260 _aNew Delhi
_bBUTTERWORTH_HEINEMANN.
_c2000
300 _aix,333p;
_bill:
_c30cm
504 _aincludes Glosary, bibliography and index
650 _aproject management
_95305
942 _2ddc
_cSLOAN
999 _c2458
_d2458